000 00863nam a22002417a 4500
999 _c65127
_d65127
005 20240530110808.0
008 190225s2018 ua ah f b 000 0dara d
017 _a2018/2039
_bمصر. دار الكتب
020 _a9789779116759
040 _aEG-CaGPL
_cEG-CaGPL
082 0 4 _221
_a930.1/
_bم أ
100 0 _aمحمد ابراهيم بكر
245 1 0 _aاهرامات السودان القديم /
_cمحمد ابراهيم بكر
250 _aط.1
260 _aالقاهرة :
_bالهيئة المصرية العامة للكتاب،
_c2018.
300 _a83 ص. :
_bايض ؛
_c24 سم.
504 _aيشتمل على ارجاعات ببليوجرافية
650 0 7 _2qrmak
_aالاهرام ( اثار )
650 0 7 _2qrmak
_aالاثار الفرعونية
651 _2qrmak
942 _2ddc
_cBK